Tabelle der Fahrerwertung Saison 2024 - Statistiken

Allgemein
  • Dieses Quiz wurde 14 mal gespielt
  • Das Durchschnittsergebnis liegt bei 17 aus 24
Antwortstatistiken
Punkte Fahrer % Korrekt
437 Max Verstappen
100%
290 Carlos Sainz junior
92%
356 Charles Leclerc
92%
374 Lando Norris
92%
41 Nico Hülkenberg
92%
292 Oscar Piastri
92%
70 Fernando Alonso
85%
245 George Russell
85%
24 Lance Stroll
85%
223 Lewis Hamilton
85%
4 Liam Lawson
77%
42 Pierre Gasly
77%
152 Sergio Pérez
77%
23 Esteban Ocon
69%
7 Oliver Bearman
69%
12 Alexander Albon
62%
5 Franco Colapinto
62%
0 Valtteri Bottas
62%
30 Yūki Tsunoda
62%
16 Kevin Magnussen
54%
0 Logan Sargeant
54%
12 Daniel Ricciardo
46%
0 Jack Doohan
46%
4 Zhou Guanyu
31%
Keine übereinstimmenden Quizze gefunden
Verteilung der Resultate
Anzahl Personen mit jedem Resultat
Perzentil nach korrekt beantworteten Fragen
Ihre Resultats-Entwicklung
Sie haben dieses Quiz noch nicht gespielt